Statistics for Most Popular Pets Names

Click here to take the quiz!

General Stats

  • This quiz has been taken 463 times
    (387 since last reset)
  • The average score is 8 of 30

Answer Stats

HintAnswer% Correct
2Max
62%
2Max
62%
1Bella
42%
1Bella
42%
6Buddy
41%
8Buddy
41%
1Charlie
33%
5Charlie
33%
7Charlie
33%
6Molly
30%
6Lily
29%
4Lucy
29%
5Lucy
29%
7Daisy
25%
4Chloe
21%
3Bailey
20%
3Oliver
19%
9Tiger
19%
7Sammy
18%
4Coco
17%
10Shadow
16%
10Sophie
16%
8Sophie
16%
9Maggie
14%
9Ruby
14%
3Baby
13%
8Sunny
7%
5Mango
4%
2Kiwi
3%
10Cosmo
2%

Score Distribution

Percentile by Number Answered

Percent of People with Each Score

Your Score History

You have not taken this quiz since the last reset